Tenniste prime in classifica WTA - Statistics

Statistiche generali
  • Questo quiz è stato fatto 27 volte
  • Il punteggio medio è 64 su 107
Statistiche sulle risposte
Nazione Tennista Inizio Fine Settimane Totale settimane % Corretto
Stati Uniti Serena Williams 8 luglio 2002 10 agosto 2003 57 57
100%
Stati Uniti Serena Williams 8 settembre 2008 5 ottobre 2008 4 61
100%
Stati Uniti Serena Williams 2 febbraio 2009 19 aprile 2009 11 72
100%
Stati Uniti Serena Williams 12 ottobre 2009 25 ottobre 2009 2 74
100%
Stati Uniti Serena Williams 2 novembre 2009 10 ottobre 2010 49 123
100%
Stati Uniti Serena Williams 17 febbraio 2013 11 settembre 2016 186 309
100%
Stati Uniti Serena Williams 30 gennaio 2017 20 marzo 2017 7 316
100%
Stati Uniti Serena Williams 24 aprile 2017 14 maggio 2017 3 319
100%
Stati Uniti Venus Williams 25 febbraio 2002 17 marzo 2002 3 3
100%
Stati Uniti Venus Williams 22 aprile 2002 19 maggio 2002 4 7
100%
Stati Uniti Venus Williams 10 giugno 2002 7 luglio 2002 4 11
100%
Giappone Naomi Ōsaka 28 gennaio 2019 23 giugno 2019 21 21
94%
Giappone Naomi Ōsaka 12 agosto 2019 8 settembre 2019 4 25
94%
Bielorussia Aryna Sabalenka 11 settembre 2023 6 6
89%
Polonia Iga Świątek 4 aprile 2022 10 settembre 2023 75 75
83%
Cecoslovacchia Martina Navrátilová 10 luglio 1978 13 gennaio 1979 27 27
78%
Cecoslovacchia Martina Navrátilová 28 gennaio 1979 24 febbraio 1979 4 31
78%
Cecoslovacchia Martina Navrátilová 16 aprile 1979 24 giugno 1979 10 41
78%
Cecoslovacchia Martina Navrátilová 10 settembre 1979 6 aprile 1980 30 71
78%
Cecoslovacchia Martina Navrátilová 21 aprile 1980 30 giugno 1980 10 81
78%
Stati Uniti Martina Navrátilová 3 maggio 1982 16 maggio 1982 2 83
78%
Stati Uniti Martina Navrátilová 14 giugno 1982 9 giugno 1985 156 239
78%
Stati Uniti Martina Navrátilová 14 ottobre 1985 27 ottobre 1985 2 241
78%
Stati Uniti Martina Navrátilová 25 novembre 1985 16 agosto 1987 90 331
78%
Germania Steffi Graf 17 agosto 1987 10 marzo 1991 186 186
78%
Germania Steffi Graf 5 agosto 1991 11 agosto 1991 1 187
78%
Germania Steffi Graf 19 agosto 1991 8 settembre 1991 3 190
78%
Germania Steffi Graf 7 giugno 1993 5 febbraio 1995 87 277
78%
Germania Steffi Graf 20 febbraio 1995 26 febbraio 1995 1 278
78%
Germania Steffi Graf 10 aprile 1995 14 maggio 1995 5 283
78%
Germania Steffi Graf 12 giugno 1995 14 agosto 1995 9 292
78%
Germania Steffi Graf 15 agosto 1995 3 novembre 1996 64 356
78%
Germania Steffi Graf 4 novembre 1996 17 novembre 1996 2 358
78%
Germania Steffi Graf 18 novembre 1996 24 novembre 1996 1 359
78%
Germania Steffi Graf 25 novembre 1996 30 marzo 1997 18 377
78%
Australia Ashleigh Barty 24 giugno 2019 11 agosto 2019 7 7
72%
'Australia Ashleigh Barty 9 settembre 2019 3 aprile 2022 114[1] 121
72%
Romania Simona Halep 9 ottobre 2017 28 gennaio 2018 16 16
72%
Romania Simona Halep 26 febbraio 2018 27 gennaio 2019 48 64
72%
Danimarca Caroline Wozniacki 11 ottobre 2010 13 febbraio 2011 18 18
67%
Danimarca Caroline Wozniacki 21 febbraio 2011 29 gennaio 2012 49 67
67%
Danimarca Caroline Wozniacki 29 gennaio 2018 25 febbraio 2018 4 71
67%
Serbia Ana Ivanović 9 giugno 2008 10 agosto 2008 9 9
61%
Serbia Ana Ivanović 18 agosto 2008 7 settembre 2008 3 12
61%
Germania Angelique Kerber 12 settembre 2016 29 gennaio 2017 20 20
61%
Germania Angelique Kerber 20 marzo 2017 23 aprile 2017 5 25
61%
Germania Angelique Kerber 15 maggio 2017 16 luglio 2017 9 34
61%
Belgio Justine Henin 20 ottobre 2003 26 ottobre 2003 1 1
61%
Belgio Justine Henin 10 novembre 2003 12 settembre 2004 44 45
61%
Belgio Justine Henin 13 novembre 2006 28 gennaio 2007 11 56
61%
Belgio Justine Henin 19 marzo 2007 18 maggio 2008 61 117
61%
Spagna Garbiñe Muguruza 11 settembre 2017 8 ottobre 2017 4 4
56%
Repubblica Ceca Karolína Plíšková 17 luglio 2017 10 settembre 2017 8 8
56%
Jugoslavia Monica Seles 11 marzo 1991 4 agosto 1991 21 21
56%
Jugoslavia Monica Seles 12 agosto 1991 18 agosto 1991 1 22
56%
Jugoslavia Monica Seles 9 settembre 1991 6 giugno 1993 91 113
56%
Jugoslavia Monica Seles 15 agosto 1995 3 novembre 1996 64 177
56%
Jugoslavia Monica Seles 18 novembre 1996 24 novembre 1996 1 178
56%
della Russia Dinara Safina 20 aprile 2009 11 ottobre 2009 25 25
50%
della Russia Dinara Safina 26 ottobre 2009 1 novembre 2009 1 26
50%
Stati Uniti Lindsay Davenport 12 ottobre 1998 7 febbraio 1999 17 17
50%
Stati Uniti Lindsay Davenport 5 luglio 1999 8 agosto 1999 5 22
50%
Stati Uniti Lindsay Davenport 3 aprile 2000 7 maggio 2000 5 27
50%
Stati Uniti Lindsay Davenport 15 maggio 2000 21 maggio 2000 1 28
50%
Stati Uniti Lindsay Davenport 5 novembre 2001 13 gennaio 2002 10 38
50%
Stati Uniti Lindsay Davenport 18 ottobre 2004 21 agosto 2005 44 82
50%
Stati Uniti Lindsay Davenport 29 agosto 2005 11 settembre 2005 2 84
50%
Stati Uniti Lindsay Davenport 24 ottobre 2005 29 gennaio 2006 14 98
50%
Francia Amélie Mauresmo 13 settembre 2004 17 ottobre 2004 5 5
44%
Francia Amélie Mauresmo 20 marzo 2006 12 novembre 2006 34 39
44%
Belgio Kim Clijsters 11 agosto 2003 19 ottobre 2003 10 10
44%
Belgio Kim Clijsters 27 ottobre 2003 9 novembre 2003 2 12
44%
Belgio Kim Clijsters 30 gennaio 2006 19 marzo 2006 7 19
44%
Belgio Kim Clijsters 14 febbraio 2011 20 febbraio 2011 1 20
44%
Svizzera Martina Hingis 31 marzo 1997 11 ottobre 1998 80 80
44%
Svizzera Martina Hingis 8 febbraio 1999 4 luglio 1999 21 101
44%
Svizzera Martina Hingis 9 agosto 1999 2 aprile 2000 34 135
44%
Svizzera Martina Hingis 8 maggio 2000 14 maggio 2000 1 136
44%
Svizzera Martina Hingis 22 maggio 2000 14 ottobre 2001 73 209
44%
Stati Uniti Chris Evert 3 novembre 1975 25 aprile 1976 25 25
39%
Stati Uniti Chris Evert 10 maggio 1976 9 luglio 1978 113 138
39%
Stati Uniti Chris Evert 14 gennaio 1979 27 gennaio 1979 2 140
39%
Stati Uniti Chris Evert 25 febbraio 1979 15 aprile 1979 7 147
39%
Stati Uniti Chris Evert 25 giugno 1979 9 settembre 1979 11 158
39%
Stati Uniti Chris Evert 18 novembre 1980 2 maggio 1982 76 234
39%
Stati Uniti Chris Evert 17 maggio 1982 13 giugno 1982 4 238
39%
Stati Uniti Chris Evert 10 giugno 1985 13 ottobre 1985 18 256
39%
Stati Uniti Chris Evert 28 ottobre 1985 24 novembre 1985 4 260
39%
Stati Uniti Jennifer Capriati 15 ottobre 2001 4 novembre 2001 3 3
39%
Stati Uniti Jennifer Capriati 14 gennaio 2002 24 febbraio 2002 6 9
39%
Stati Uniti Jennifer Capriati 18 marzo 2002 21 aprile 2002 5 14
39%
Stati Uniti Jennifer Capriati 20 maggio 2002 9 giugno 2002 3 17
39%
Serbia Jelena Janković 11 agosto 2008 17 agosto 2008 1 1
33%
Serbia Jelena Janković 6 ottobre 2008 1 febbraio 2009 17 18
33%
Russia Marija Šarapova 22 agosto 2005 28 agosto 2005 1 1
33%
Russia Marija Šarapova 12 settembre 2005 23 ottobre 2005 6 7
33%
Russia Marija Šarapova 29 gennaio 2007 18 marzo 2007 7 14
33%
Russia Marija Šarapova 19 maggio 2008 8 giugno 2008 3 17
33%
Russia Marija Šarapova 11 giugno 2012 8 luglio 2012 4 21
33%
Spagna Arantxa Sánchez Vicario 6 febbraio, 1995 19 febbraio 1995 2 2
28%
Spagna Arantxa Sánchez Vicario 27 febbraio 1995 9 aprile 1995 6 8
28%
Spagna Arantxa Sánchez Vicario 15 maggio 1995 11 giugno 1995 4 12
28%
Australia Evonne Goolagong 26 aprile 1976 9 maggio 1976 2 2
22%
Stati Uniti Tracy Austin 7 aprile 1980 20 aprile 1980 2 2
22%
Stati Uniti Tracy Austin 1º luglio 1980 17 novembre 1980 20 22
22%
Bielorussia Victoryja Azaranka 9 luglio 2012 17 febbraio 2013 32 51
17%
Bielorussia Viktoryja Azaranka 30 gennaio 2012 10 giugno 2012 19 19
17%
Nessun quiz corrispondente trovato
Distribuzione punteggi
Percentuale di utenti per punteggio
Percentile per numero di risposta
I tuoi punteggi nel tempo
Non hai fatto questo quiz